000 02966nam a2200325 a 4500
003 OSt
005 20251110143531.0
007 cr ||||||a|c|a
008 230828s2023 mx a|||fom||| 001 0 spa d
040 _erda
100 1 _9187792
_aAguilar Gómez, Luis Alberto
245 1 0 _aAnálisis de viabilidad técnica y económica de un centro de recepción para la comercialización de especies agropecuarias en Santiago Alseseca, Tecamachalco, Puebla /
_cpor Luis Alberto Aguilar Gómez ; director de tesis Ignacio Caamal Cauich.
264 1 _aChapingo, México :
_bEl autor,
_c2023.
300 _a1 recurso en línea (80 páginas):
_bgráficas, tablas.
336 _2rdacontent
_atexto
_btxt
337 _2rdamedia
_acomputadora
_bc
338 _2rdacarrier
_arecurso en línea
_bcr
502 _bLCI
_cDICEA
_d2023.
_gLIC
504 _aIncluye referencias bibliográficas: páginas 56-59.
520 _aLas demandas de la sociedad por contar con alternativas viables de desarrollo socioeconómico en México, han sido en parte respondidas por los productores de ganadería bovina, así como los demás productores de las especies menores y productores agrícolas, los cuales buscan promover la diversificación de actividades productivas en el sector rural, El objetivo de la investigación es diseñar la propuesta de inversión para establecer el centro de recepción para la comercialización de especies pecuarias en el municipio de Santiago Alsasega, Tecamachalco, puebla, como una solución a la problemática de una inadecuada distribución de lugares públicos de compra-venta de animales y derivados. En el presente trabajo se determinar y evalúa la rentabilidad de la propuesta de inversión del centro para la comercialización de especies pecuarias, con el propósito de dar a los productores regionales la oportunidad de tener un lugar en ofrecer sus productos para garantizar sus posibilidades de venta sean mayores brindando un producto de calidad disminuyendo riesgos potenciales y maximizando beneficios para los productores y compradores. Los resultados obtenidos por medio de los indicadores demuestran la viabilidad técnica, financiera, económica del proyecto con los siguientes parámetros el Valor Actual Neto (VAN) de $ 8,737,004; Relación Beneficio Costo (B/C) de $1.16; y una Tasa Interna de Retorno (TIR) de 14%. considerando una tasa de actualización del 10%, con un horizonte del proyecto de 10 años.
650 2 _9136378
_aEmpresas agropecuarias
_xAdministración
650 4 _9135417
_aEmpresas agropecuarias
_xRentabilidad
650 4 _9187016
_aEstudios de mercado
650 4 _9144675
_aGanado vacuno
_x Mercadeo
650 4 _945383
_aGanado porcino
_xMercadeo
650 4 _945195
_aGanado lanar
_xMercadeo
700 1 _aCaamal Cauich, Ignacio
_edirector.
_916527
856 _uhttp://10.13.5.2/tesis/tl/TL_0811382-1_Aguilar-Gomez_Luis_Alberto.pdf
_zDESCARGAR PDF
942 _2Clasificación Universidad Autónoma Chapingo
_cTD
999 _c219118
_d219118